| 000 | 00683nam a22001815i 4500 | ||
|---|---|---|---|
| 001 | 171721 | ||
| 003 | ES-MaACL | ||
| 005 | 20230906214717.0 | ||
| 008 | 090527s1958 sp |||| | spa d | ||
| 080 | _a016(467.33 Villena) | ||
| 100 | 1 |
_aSoler García, José María. _9107176 |
|
| 245 | 1 | 0 |
_aBibliografía de Villena y su partido judicial / _cJosé María Soler García. |
| 260 |
_aAlicante : _bComisión Provincial de Monumentos Históricos y Artísticos, _c1958. |
||
| 300 |
_a229 p. ; _c21 cm. |
||
| 651 | 4 |
_aVillena- _vBibliografías. _9140361 |
|
| 710 | 2 |
_aComisión Provincial de Monumentos Históricos y Artísticos (Alicante) _93061 |
|
| 852 |
_aES-MaACL _jC-14712 _9R.42672 |
||
| 999 |
_c171721 _d171721 |
||